Statistics for April Fools' Quiz #9

Click here to take the quiz!

General Stats

  • This quiz has been taken 14,230 times
  • The average score is 14 of 20

Answer Stats

QuestionAnswer% Correct
What massive African dessert is almost entirely covered by sand dunes?Sahara
94%
What brand of energy drink "gives you wings" because it has more than 10 times
as much caffeine as coffee?
Red Bull
93%
What country is closest to Australia, as the crow flies?New Zealand
90%
In what city would you find a pile of burnt rubble where the Notre Dame
cathedral once stood?
Paris
89%
What country has seen a massive decline in population since it was invaded
by the U.S. in 2003?
Iraq
88%
Which U.S. state has the highest rate of gun ownership?Texas
88%
What carnivorous plant was discovered in the jungles of Brazil in 1934?{Venus} fly trap
86%
Who advised Americans to inject bleach into their bodies to cure Covid?Donald Trump
84%
On what holiday do an average of about 100 children die in the United States
each year due to poisoned candy?
Halloween
84%
What country has the highest rate of obesity, the highest murder rate,
and the most executions of criminals?
United States
84%
Who, according to the Bible, was visited by three kings named
Balthasar, Melchior, and Gaspar?
Jesus
83%
What country got its name because it was on square Q8 of a map issued by the
British Colonial office?
Kuwait
64%
What was invented by a French monk named Dom Pérignon?Champagne
57%
In science, what is the term for a hypothesis which has not yet been proven
beyond a reasonable doubt?
Theory
55%
What was once prohibited by California Penal Code section 420?Marijuana
54%
What Croatian inventor created a death ray and the first practical teleportation device?Nikola Tesla
52%
Who said "an eye for an eye will make the whole world blind" and
"be the change you wish to see in the world"?
Mahatma Gandhi
51%
What causes tetanus, also known as lockjaw?Rust in the
bloodstream
44%
What language is inaccurately referred to as "Persian"?Farsi
41%
What city did the Romans completely destroy, sowing its fields with salt for good measure?Carthage
37%

Score Distribution

Percentile by Number Answered

Percent of People with Each Score

Your Score History

You have not taken this quiz